000
00334nam a2200133Ia 4500
008
240624s9999 xx 000 0 und d
041
_a
eng
082
_a
828 TRI
100
_a
BES FERNANDO TRIAS DE
245
_a
TIME SELLER A BUSINESS SATIRE
260
_c
2007
_a
San Francisco
_b
Jossey-Bass
300
_a
161p. ; 21cm.
365
_c
_b
25
999
_c
4788
_d
4788